Responses for Show #5325 - Friday, November 2, 2007

Paul Glaser game 6.

Contestants

[<< previous game]

Kyle Brittain, a student from Durango, Colorado

Lucia Macro, an executive editor from Jersey City, New Jersey

Paul Glaser, a research scientist from Albany, New York (whose 5-day cash winnings total $121,802)

[next game >>]

Jeopardy! Round responses

NATIONAL GEOGRAPHIC MAPS
PRIME TIME SPIN-OFFS
(Alex: You have to identify the show each program was spun off from.)
MAGAZINES
(Alex: You have to identify the speaker of...)
QUOTABLE NOTABLES
PETS
"F" STOP
    $200 11
the Sea of Tranquility

Paul
    $200 21
Bewitched

Lucia
    $200 16
the AARP

Paul
    $200 26
L(yndon) B(aines) J(ohnson)

Kyle
    $200 6
a cat

Kyle
    $200 1
the forest

Paul
    $400 12
Communist

Paul
    $400 22
The Mary Tyler Moore Show

Lucia
    $400 17
five cents

Triple Stumper
    $400 27
(Kyle: Who is MacArthur?)

Harry Truman

Kyle
Triple Stumper
    $400 7
(Kyle: What is a macaw?)

an Amazon parrot

PaulKyle
    $400 2
frets

Paul
    $600 13
Belgian Congo

Paul
    $600 23
Dallas

Lucia
    $2,000 18
Reader's Digest

Paul
    $600 28
Jimmy Carter

Kyle
    $600 8
the Egyptians

Triple Stumper
    $600 3
flamenco

Paul
    $800 14
(Lucia: Who is Meriwether Lewis?)
(Paul: Who is Thomas Jefferson?)
...
(Alex: Who is... man who began his career as a surveyor, [*].)

George Washington

PaulLucia
Triple Stumper
    $800 24
Alice

Lucia
    $800 19
(Paul: What is Vanity Fair?)

Cosmopolitan

PaulKyle
    $800 29
RFK

Kyle
    $800 9
a cow

Lucia
    $800 4
a forward

Paul
    $1000 15
the Tasman Sea

Paul
    $1000 25
(Lucia: What is All in the Family?)
...
(Alex: It was spun off from something that was spun off from All in the Family, and that would be [*].)

Maude

Lucia
Triple Stumper
    $1000 20
(Alex: Boxing.)

The Ring

Lucia
    $1000 30
(Joseph) McCarthy

Kyle
    $1000 10
sea monkeys

Paul
    $1000 5
to fertilize

Kyle

Scores at the first commercial break (after clue 15):

Paul Lucia Kyle
$4,800 $0 $800

Scores at the end of the Jeopardy! Round:

Paul Lucia Kyle
$6,200 $2,000 $3,800

Double Jeopardy! Round responses

18th CENTURY AMERICA
____ AND ____ MOVIES
CONSTELLATIONS
GOVERNORS
ROMAN ART
ADD A LETTER
    $400 6
(Kyle: What is Jamestown?)

Williamsburg

LuciaKyle
    $400 1
Bonnie & Clyde

Kyle
    $400 11
(Kyle: What is Cancer?)

Scorpio

PaulKyle
    $400 20
Arnold Schwarzenegger

Paul
    $400 21
Romulus & Remus

Lucia
    $800 7
Betsy Ross

Paul
    $800 2
(Kyle: What is Pride & Prejudice?)

Sense & Sensibility

LuciaKyle
    $800 12
(Lucia: What is the Arganaut?)
(Alex: No. The Argonauts were the sailors who served on [*].)

the Argo

Lucia
Triple Stumper
    $800 19
Theodore & Franklin Roosevelt

Paul
    $800 22
Michelangelo

Paul
    $1200 8
Thomas Paine

Kyle
    $1200 3
Romeo & Juliet

Kyle
    $1200 13
Orion

Kyle
    $1200 18
(Kyle: Who is Franks?)

Gov. George Wallace

Kyle
Triple Stumper
    $1200 25
Paul

Paul
    $1600 9
(Paul: What is steam?)

water power

Paul
Triple Stumper
    $1600 4
Nicholas & Alexandra

Lucia
    $1600 14
Mercator

Paul
    $1600 17
Christie Todd Whitman

Lucia
    $1600 26
(Paul: Who is Hannibal?)

Attila

PaulKyle
    $1600 27
[The end-of-round signal sounds.]

acrid

Paul
    $500 10
(Alex: What is--uh--Annapolis?)
(Alex: No. Think of Pontiac... automobiles...)
(Kyle: That was my first guess.)
(Alex: But you didn't say it. [*] was the correct response.)

Detroit

Kyle
    $2000 5
Cats & Dogs

Kyle
    $4,000 15
(Paul: What is the dipper?)
(Alex: No... vulpec---vulks--[*].)

fox

Paul
    $2000 16
Indiana

Triple Stumper
    $2000 23
(Alex: Famous orator--[*].)

Cicero

Triple Stumper
    $2000 24
a terrapin

Kyle

Scores at the end of the Double Jeopardy! Round:

Paul Lucia Kyle
$6,600 $6,000 $10,100

[wagering suggestions for these scores]

Final Jeopardy! Round responses

POETS
(Alex: The words were an attempt at her father's death and her own attempted suicide.)
LuciaWho is Sylvia Plath?
$6,000
PaulWho is Dickenson?
$6,001
KyleWho was Plath?
$4,000
Sylvia Plath

Final scores:

Paul Lucia Kyle
$599 $12,000 $14,100
3rd place: $1,000 2nd place: $2,000 New champion: $14,100

Game dynamics:

Coryat scores:

Paul Lucia Kyle
$9,200 $6,000 $10,600
20 R
(including 1 DD),
5 W
(including 1 DD)
11 R,
3 W
14 R,
7 W
(including 1 DD)

Combined Coryat: $25,800

[game clues] [game scores] [suggest correction]

Game tape date: 2007-08-13
The J! Archive is created by fans, for fans. Scraping, republication, monetization, and malicious use prohibited; this site may use cookies and collect identifying information. See terms. The Jeopardy! game show and all elements thereof, including but not limited to copyright and trademark thereto, are the property of Jeopardy Productions, Inc. and are protected under law. This website is not affiliated with, sponsored by, or operated by Jeopardy Productions, Inc. Join the discussion at JBoard.tv.